[Event "Kuala Lumpur op 10th"]
[Site "Kuala Lumpur"]
[Date "2013.08.10"]
[Round "2"]
[White "Nava, Roderick"]
[Black "Fortunata, Fransisca"]
[Result "1-0"]
[WhiteElo "2375"]
[BlackElo "2133"]
[PlyCount "61"]
[EventDate "2013.08.10"]
[EventType "swiss"]
[EventRounds "9"]
[EventCountry "MAS"]
[SourceTitle "CBM 156 Extra"]
[Source "ChessBase"]
[SourceDate "2013.10.22"]
[SourceVersion "1"]
[SourceVersionDate "2013.10.22"]
[SourceQuality "1"]

1. d4 d5 2. Nf3 Nf6 3. c4 e6 4. Nc3 Nbd7 5. e3 Be7 6. g4 c5 7. g5 Ne4 8. cxd5 Nxc3 9. bxc3 exd5 10. h4 c4 11. a4 Qa5 12. Bd2 b5 13. axb5 Qxb5 14. Bc1 a5 15. Nd2 Nb6 16. Qc2 Bd7 17. Bh3 a4 18. Ba3 Bxh3 19. Bxe7 Kxe7 20. Rxh3 a3 21. Ra2 Qd7 22. Rf3 g6 23. Qb1 Qa7 24. Qb4+ Ke8 25. Qd6 Rf8 26. e4 Rd8 27. Qc6+ Ke7 28. Qc5+ Ke8 29. exd5 Rd7 30. Re3+ Re7 31. Nxc4 1-0